APEC Schools

Penrod and Sam / (Record no. 3307)

000 -LEADER
fixed length control field 00703cam a22002533a 4500
005 - DATE AND TIME OF LATEST TRANSACTION
control field 20180427075106.0
008 - FIXED-LENGTH DATA ELEMENTS--GENERAL INFORMATION
fixed length control field 980101s1998||||xxu|||||s|||||000 1 eng d
040 ## - CATALOGING SOURCE
Transcribing Agency APEC Schools Library
Description Conventions rda
041 ## - LANGUAGE CODE
Language code of text/sound track or separate title eng
100 1# - CREATOR
Preferred Name of the Person Tarkington, Booth,
Dates Associated with the Person 1869-1946
245 10 - TITLE AND STATEMENT OF RESPONSIBILITY
Preferred Title Proper Penrod and Sam /
Statement of Responsibility/Parallel Statement of Responsibility Booth Tarkington
336 ## - RDA CONTENT
Source rdacontent
Content Type text
337 ## - RDA MEDIA
Source rdamedia
Media Type computer
338 ## - RDA CARRIER
Source rdacarrier
Carrier Type online resource
506 ## - RESTRICTIONS ON ACCESS NOTE
Restriction on Access Note Public domain in the USA.
516 ## - TYPE OF COMPUTER FILE OR DATA NOTE
Type of computer file or data note Text
653 ## - INDEX TERM--UNCONTROLLED
Uncontrolled term Boys -- Fiction
653 ## - INDEX TERM--UNCONTROLLED
Uncontrolled term Bildungsromans
653 ## - INDEX TERM--UNCONTROLLED
Uncontrolled term Humorous stories
653 ## - INDEX TERM--UNCONTROLLED
Uncontrolled term Middle West -- Fiction
653 ## - INDEX TERM--UNCONTROLLED
Uncontrolled term Male friendship -- Fiction
655 ## - GENRE
Genre/form data or focus term electronic books
856 40 - ELECTRONIC LOCATION AND ACCESS
Uniform Resource Identifier https://goo.gl/8Bgj6i
942 ## - ADDED ENTRY ELEMENTS (KOHA)
Source of Classification
Koha Item Type E-book/Online Resources
Holdings
Status Library Full Classification Number Uniform Resource Identifier Koha Item Type
Available Online APEC Chain of Schools Library APEC Chain https://goo.gl/8Bgj6i E-book/Online Resources

Powered by Koha